=LDR 00000nam 2200000 4500 =001 INLIS000000000025861 =005 20130612124335 =008 ***********************************Ind** =035 ##$$0010-061300000025861 =041 ##$$a Ind =082 ##$$a 153.42 =090 ##$$a 153.42, Bon m =100 ##$$a DeBono, Edward =245 ##$$a Mengajar berpikir, Edward deBono =260 ##$$a 1990 $b Jakarta =300 ##$$a 319 hlm, 21 cm =650 ##$$a Psikologi =850 ##$$a NBPNMAT